Galéria vzdáva výstavou poctu Collinásymu

Bibliographic Details
Format: Article
Language:Slovak
PhysicalDescription:Obr.
ISSN:1335-4566
Subjects:

MARC

LEADER 00000nab a2200000 a 4500
001 vtls009318479
003 SK-MaSNL
005 20260305014058.0
008 171110 20080731xo dr er 000 0 slo
038 |a KEVKJB 
040 |a KEVKJB  |b slo  |c KEVKJB  |e AACR2 
041 0 |a slo 
044 |a xo  |c SK 
080 |a 75.071.1  |2 2001 
080 |a 929 Collinásy, Juraj  |2 2001 
245 0 0 |a Galéria vzdáva výstavou poctu Collinásymu  |c [autor] (nit) 
300 |b Obr. 
600 1 7 |a Collinásy, Juraj,  |d 1907-1963  |2 kevkjb  |9 38223 
610 2 7 |a Východoslovenská galéria (Košice, Slovensko)  |2 kevkjb  |9 29814 
650 0 7 |a osobnosti  |2 snkbucl  |9 29820 
650 0 7 |a výstavy  |z Košice (Slovensko)  |2 kevkjb  |9 817392 
651 7 |a Košice (Slovensko)  |2 kevkjb  |9 18694 
773 0 |t Košický Korzár  |g Roč. XI, č. 177 (31.7.2008), s. 4  |x 1335-4566 
852 |a KEVKJB  |b KIS3GCP 
958 |a BX 
999 |c 3267513  |d 3269443